000 00750nam a2200217 4500
001 107720
003 ES-MaACL
007 t|
008 061121s1951 fr r ||||1| fre d
100 1 _aMossé, Robert.
_983802
245 1 3 _aLa monnaie /
_cRobert Mossé; observations de Luigi Federici, Robert Triffin; introduction de Howard S. Ellis.
260 _aParís :
_bMarcel Riviére,
_c1951.
300 _a205 p. ;
_c22 cm.
490 1 _aBilans de la connaissance économique ;
_vvol. 1
700 1 _aFederici, Luigi.
_949062
700 1 _aTriffin, Robert.
_9111402
700 1 _aEllis, Howard S.
_947050
830 0 _aBilans de la connaissance économique ;
_vvol. 1
_9185393
852 _aES-MaACL
_jC-9121
_bR.37285
999 _c107720
_d107720